| 000 | 00496nam a2200109Ia 4500 | ||
|---|---|---|---|
| 008 | 171212s9999 xx 000 0 und d | ||
| 100 | _aCollins, Rebecca L.;Roth, Elizabeth;Cerully, Jennifer L.;Wong, Eunice C. | ||
| 245 |
_cCollins, Rebecca L.;Roth, Elizabeth;Cerully, Jennifer L.;Wong, Eunice C. _aBeliefs Related to Mental Illness Stigma Among California Young Adults |
||
| 260 |
_bRAND Corporation _c2014 |
||
| 650 | _aHealth Sciences | ||
| 856 | _uhttp://www.jstor.org/stable/10.7249/j.ctt14bs3jz | ||
| 999 |
_c351798 _d351798 |
||